| 000 | 00565nam a2200181 i 4500 | ||
|---|---|---|---|
| 001 | bgj | ||
| 100 | 1 | _aWASIUTYŃSKI, Wojciech | |
| 245 | 1 | 0 |
_aPatrząc z Ameryki czyli faxem z Nowego Jorku / _cWojciech Wasiutyński. |
| 260 |
_aGdańsk : _bWydawnictwo Gdańskie, _c1991= _bSocietas Amicorum Catholicae Juventutis Poloniae. |
||
| 300 |
_aIII, 131, [3] ; _c21 cm. |
||
| 650 | 9 |
_aJournalism _aPublicity |
|
| 020 | _a839001212X (pbk) | ||
| 040 | _cBPK | ||
| 041 | 0 | _apol | |
| 920 | _a83-900121-2-X (pbk) | ||
| 942 | _cKS | ||
| 008 | s pl f |000 0 pol | ||
| 999 |
_c48126 _d48126 |
||
| 856 |
_uhttp://koha.tu.koszalin.pl/cgi-bin/koha/opac-detail.pl?biblionumber=48126 _yKatalog online BPK |
||